Entre dos silencios / (Record no. 11725)
[ view plain ]
| 000 -CABECERA | |
|---|---|
| campo de control de longitud fija | 00947nam a2200217 a 4500 |
| 001 - NÚMERO DE CONTROL | |
| campo de control | 000012058 |
| 005 - FECHA Y HORA DE LA ÚLTIMA TRANSACCIÓN | |
| campo de control | 20240412074229.0 |
| 008 - DATOS DE LONGITUD FIJA--INFORMACIÓN GENERAL | |
| campo de control de longitud fija | 091104s2002 dr 000 j spa d |
| 020 ## - NÚMERO INTERNACIONAL ESTÁNDAR DEL LIBRO | |
| Número Internacional Estándar del Libro | 9993473081 |
| 040 ## - FUENTE DE LA CATALOGACIÓN | |
| Centro catalogador/agencia de origen | DO-SdBNP |
| Lengua de catalogación | spa |
| Centro/agencia transcriptor | BNPHU |
| 082 ## - NÚMERO DE LA CLASIFICACIÓN DECIMAL DEWEY | |
| Número de clasificación | RD863.44 |
| Número de documento/Ítem | C764e, 2002 |
| 100 1# - ENTRADA PRINCIPAL--NOMBRE DE PERSONA | |
| Nombre de persona | Contreras, Hilma, |
| Fechas asociadas al nombre | 1913-2006 |
| 9 (RLIN) | 14873 |
| 245 10 - MENCIÓN DE TÍTULO | |
| Título | Entre dos silencios / |
| Mención de responsabilidad, etc. | Hilma Contreras. |
| 260 ## - PUBLICACIÓN, DISTRIBUCIÓN, ETC. | |
| Lugar de publicación, distribución, etc. | Santo Domingo : |
| Nombre del editor, distribuidor, etc. | Editora de Colores, |
| Fecha de publicación, distribución, etc. | 2002. |
| 300 ## - DESCRIPCIÓN FÍSICA | |
| Extensión | 105 p. ; |
| Dimensiones | 22 cm. |
| 505 2# - NOTA DE CONTENIDO CON FORMATO | |
| Título | Plenitud -- |
| -- | La cabellera -- |
| -- | El cumpleaños de Vitalina -- |
| -- | El incendio -- |
| -- | Canícula -- |
| -- | La espera -- |
| -- | Argonautas -- |
| -- | La ventana -- |
| -- | Galetea -- |
| -- | Una visita -- |
| -- | El entierro de Marisol -- |
| -- | Mire, mamita -- |
| -- | Catador -- |
| -- | Ahora seremos felices -- |
| -- | El hombre que murió frente al mar -- |
| -- | Simplón. |
| 590 ## - NOTA LOCAL (RLIN) | |
| Nota local | Inventariado, 2020/MFF |
| 650 #0 - PUNTO DE ACCESO ADICIONAL DE MATERIA--TÉRMINO DE MATERIA | |
| Término de materia o nombre geográfico como elemento de entrada | Cuentos dominicanos |
| 9 (RLIN) | 176 |
| 650 #0 - PUNTO DE ACCESO ADICIONAL DE MATERIA--TÉRMINO DE MATERIA | |
| Término de materia o nombre geográfico como elemento de entrada | Literatura dominicana. |
| 9 (RLIN) | 67 |
| 910 ## - DATOS DE OPCIÓN DEL USUARIO (OCLC) | |
| Datos de opción del usuario | Validado. Control de calidad MMOLINA |
| Estado de retiro | Estado de pérdida | No para préstamo | Código de colección | Localización permanente | Ubicación/localización actual | Ubicación en estantería | Fecha de adquisición | Número de inventario | Total de préstamos | Signatura topográfica completa | Código de barras | Fecha visto por última vez | Precio válido a partir de | Tipo de ítem Koha | Número de copia |
|---|---|---|---|---|---|---|---|---|---|---|---|---|---|---|---|
| Excluido de préstamo | Patrimonio Dominicano | Patrimonio Dominicano | Patrimonio Dominicano | Depósito | 04.11.2009 | LF1 | RD863.44 C764e, 2002 | 12058-10 | 25.06.2020 | 25.06.2020 | Libro y Folleto Colección Patrimonio Dominicano | ||||
| Excluido de préstamo | Patrimonio Dominicano | Patrimonio Dominicano | Patrimonio Dominicano | Depósito | 04.11.2009 | LF1 | RD863.44 C764e, 2002 | 12058-20 | 25.06.2020 | 25.06.2020 | Libro y Folleto Colección Patrimonio Dominicano | e. 2 |
